Hospodářské právo 1

Guardado en:
Detalles Bibliográficos
Autor principal: Vaněk, Slavoj
Autor Corporativo: Univerzita Karlova v Praze
Formato: Libro
Lenguaje:checo
Publicado: Praha Státní pedagogické nakladatelství 1987
Edición:2. vyd.
Etiquetas: Agregar Etiqueta
Sin Etiquetas, Sea el primero en etiquetar este registro!

MARC

LEADER 00000nam a2200000 4500
001 c025015
005 20221219102746.7
041 0 |a cze 
044 |a CZ 
245 1 0 |a Hospodářské právo 1  |c Slavoj Vaněk a kol. 
250 |a 2. vyd. 
264 1 |a Praha  |b Státní pedagogické nakladatelství  |c 1987 
300 |a 170 s. 
100 1 |a Vaněk, Slavoj 
710 2 |a Univerzita Karlova v Praze